000
00341nam a2200157Ia 4500
100
_a
Bahga/Arshdeep
650
_a
Internet of things
942
_c
BK
366
_f
20
654
_a
IOT
245
_a
Internet of things:A hands on approach
260
_b
Universitites press
_c
2014
082
_b
BAH
300
_a
520
546
_a
ENGLISH
999
_c
29674
_d
29674